Coal in India / (Record no. 42545)

MARC details
000 -LEADER
fixed length control field 00674nam a22001937a 4500
005 - DATE AND TIME OF LATEST TRANSACTION
control field 20100819134729.0
010 ## - LCCN (DPL NO)
LC control number ENG-100994
020 ## - INTERNATIONAL STANDARD BOOK NUMBER
International Standard Book Number 8185867816
Terms of availability 40.00
035 ## - SYSTEM CONTROL NUMBER
System control number EN-84527
037 ## - SOURCE OF ACQUISITION
Source of stock number/acquisition DBAD/PUB
082 ## - DEWEY DECIMAL CLASSIFICATION NUMBER
Classification number 553.20954
100 ## - MAIN ENTRY--PERSONAL NAME
Personal name Pareek, H S
245 ## - TITLE STATEMENT
Title Coal in India /
Statement of responsibility, etc by H S Pareek
260 ## - PUBLICATION, DISTRIBUTION, ETC. (IMPRINT)
Place of publication, distribution, etc Bangalore
Name of publisher, distributor, etc Geological Society of India
Date of publication, distribution, etc 2008
270 ## - ADDRESS
Address P. B. NO 1922 Gavipuram P O
City Bangalore
Postal code 560019
300 ## - PHYSICAL DESCRIPTION
Extent iii,65p
Dimensions 21cm(pbk)
942 ## - ADDED ENTRY ELEMENTS (KOHA)
Source of classification or shelving scheme Dewey Decimal Classification
Item type English Books
Classification part 553.20954
Call number suffix PAR
Holdings
Withdrawn status Lost status Not for loan Collection code Home library Current library Date acquired Source of acquisition Cost, normal purchase price Full call number Barcode Copy number Cost, replacement price Koha item type
    Not For Loan Non-fiction D.B.Act.Division D.B.Act.Division 19/08/2010 DBAD/PUB 40.00 553.20954 PAR EN-84527 1 40.00 English Books

© Delhi Public Library
Hit Counter
free hit counter